• 首页
  • 本馆介绍
  • 公告通知
  • 最新文献
  • 馆藏检索
  • 电子资源
  • 读者导购
  • 参考咨询
  • 我的图书馆
  • 登录
  • 详细信息显示
  • 放入我的书架
  • 预约/预借图书
  • 作者相关作品
  • 分类相关作品
  • 丛书相关作品
  • 出版社相关作品

书目信息

  • 表格格式
  • 工作单格式
  • 卡片格式
题名:
简明中国史
    
 
作者: ;山东“六师专”中国史编写组 编
分册:  
出版信息: 山东   山东“六师专”中国史编写组  1984.06
页数: 272页
开本: 20cm
丛书名:
单 册:
中图分类: K2
科图分类:
主题词: 中国--历史
电子资源:
ISBN:
000 00589nam0 2200193 45
001 0312221749
005 20060525091709.51
010    @dCNY1.20
100    @a20031222d1984 km y0chiy0120 ea
101    @achi
200 1  @a简明中国史@AJian Ming Zhong Guo Shi@e近代部分@f山东“六师专”中国史编写组编@FShan Dong“Liu Shi Zhuan”Zhong Guo Shi Bian Xie Zu Bian
205    @a3版
210    @a山东@c山东“六师专”中国史编写组@d1984.06
215    @a272页@d20cm
606 0  @a中国@x历史
690    @aK2@v3
711 02 @a山东“六师专”中国史编写组@4编
801    @aCN@bTSTCL@c20060525
905    @dK2@e20:2
    
    简明中国史:近代部分/山东“六师专”中国史编写组编.-3版.-山东:山东“六师专”中国史编写组,1984.06
    272页;20cm
    
    
    ISBN :CNY1.20
    
●
相关链接 在E读中查询图书 在五车中查询图书 在当当中查询图书 在豆瓣中查询图书


正题名:简明中国史     索取号:K2/20:2         预约/预借

序号 登录号 条形码 馆藏地/架位号 状态 备注
1 0161863   000575871   密集书库/ [索取号:K2/20:2] 在馆    
2 0161864   202379149   密集书库/ [索取号:K2/20:2] 在馆    
3 0161865   001206224   密集书库/ [索取号:K2/20:2] 在馆    
4 0161866   202114087   第二样本阅览室/ [索取号:K2/20:2] 在馆    
唐山师范学院图书馆 欢迎您!
大连网信软件有限公司© 版权所有